01270pam a2200337Ia 4500001001200000003000800012006001900020007001500039008004100054020002300095020001500118040002100133035002000154050002300174082001500197100002600212245012900238260003600367300002400403504005100427533015200478650001300630650002700643650001900670650003400689655002900723700002000752710001700772856012600789999001700915ebr10056020CaPaEBRm u cr cn|||||||||010918s2001 bcca sb 001 0 eng d z0774850132 (eBook) z0774808586 aCaPaEBRcCaPaEBR a(OCoLC)7074638014aHT351b.F75 2001eb04a307.742211 aFriedman, Avi,d1952-10aPlanning the new suburbiah[electronic resource] :bflexibility by design /cAvi Friedman ; with David Krawitz ... [et al.]. aVancouver :bUBC Press,cc2001. axii, 195 p. :bill. aIncludes bibliographical references and index. aElectronic reproduction.bPalo Alto, Calif. :cebrary,d2009.nAvailable via World Wide Web.nAccess may be limited to ebrary affiliated libraries. 0aSuburbs. 0aSuburbsvCase studies. 0aCity planning. 0aCommunity development, Urban. 7aElectronic books.2local1 aKrawitz, David.2 aebrary, Inc.40uhttp://site.ebrary.com/lib/rucke/Doc?id=10056020zAn electronic book accessible through the World Wide Web; click to view c72225d72225